000
00287nam a2200121Ia 4500
008
230917s9999||||xx |||||||||||||| ||und||
040
_e
233373
_a
MAIN
041
_a
English
082
_a
346.022 Y11C
100
_a
Yadav, Anusuya
245
0
_a
Changing concept of contract
942
_c
TH
999
_c
126430
_d
126430